Coffee can Investing - The Low Risk Road To Stupendous Wealth (Record no. 19176)

MARC details
000 -LEADER
fixed length control field 00437nam a2200157Ia 4500
008 - FIXED-LENGTH DATA ELEMENTS--GENERAL INFORMATION
fixed length control field 221220s9999 xx 000 0 und d
020 ## - INTERNATIONAL STANDARD BOOK NUMBER
ISBN 978-0-670-09045-7
041 ## - LANGUAGE CODE
Language code of text/sound track or separate title
100 ## - MAIN ENTRY--AUTHOR NAME
Personal name S. Mukherjee
245 #0 - TITLE STATEMENT
Title Coffee can Investing - The Low Risk Road To Stupendous Wealth
Statement of responsibility, etc by S. Mukherjee, R. Ranjan
260 ## - PUBLICATION, DISTRIBUTION, ETC. (IMPRINT)
Name of publisher Penguin
Place of publication Haryana
Year of publication 2018
300 ## - PHYSICAL DESCRIPTION
Number of Pages 288
650 ## - SUBJECT ADDED ENTRY--TOPICAL TERM
Topical Term Management
700 ## - ADDED ENTRY--PERSONAL NAME
Personal name R. Ranjan
942 ## - ADDED ENTRY ELEMENTS (KOHA)
Source of classification or shelving scheme
Koha item type Books
Holdings
Accession Number Cost, normal purchase price Bill Date Source of acquisition Price effective from Koha item type Withdrawn / writtenoff status Materials specified (bound volume or other part) Damaged status Not for loan Permanent Location Current Location Shelving location Date acquired Lost/ Missing status department
MBA 5092 499.00 407 ABD, Jammu 12/20/2022 Books   Print     MIET Library, Jammu MIET Library, Jammu 193/2     MBA